01138nam a2200157 a 4500008004100000020001500041041000800056100002200064245004500086250004100131260003200172300001100204500007700215505067300292655001500965180515e1995 sp ||||| |||| 00| f spa d a8472239055 aspa1 aSimenon, Georges. aMaigret.bLiberty Bar /cGeorges Simenon a1a ed.bTraducción de Carlos Pujol aBarcelona:bPlaneta;c1995. a174 p. aSimenon, G. (1995). Maigret. Liberty Bar. (1a ed.). Barcelona : Planeta. aEl aspecto general, la expresión del rostro, esa mirada demasiado serena, ese rictus a la vez bondadoso e irónico de los labios... Al mirar una fotografía de la victima, el comisario Maigret tiene la sensación de haber conocido a William Brown, ese australiano antaño riquísimo que un buen día, harto de Australia y de las ovejas, de su familia y del dinero, decidió perderse en la indolente pereza que flota en el Liberty, un bar situado a la sombra de los lujosos hoteles de Cannes. El comisario investiga el caso muy intrigado, a veces enfadado: ese hombre que ha muerto de una cuchillada en la espalda ¡tiene además la osadía de parecérsele! aLiteratura